[Event "Hoogovens"]
[Site "Wijk aan Zee"]
[Date "1999.01.16"]
[Round "1"]
[White "Reinderman, Dimitri"]
[Black "Anand, Viswanathan"]
[Result "0-1"]
[WhiteElo "2540"]
[BlackElo "2780"]
[Annotator "Tisdall,J"]
[PlyCount "74"]
[EventDate "1999.01.16"]
[EventType "tourn"]
[EventRounds "13"]
[EventCountry "NED"]
[EventCategory "17"]
[SourceTitle "CBM 069"]
[Source "ChessBase"]
[SourceDate "1999.04.01"]
[SourceVersion "1"]
[SourceVersionDate "1999.04.01"]
[SourceQuality "1"]

1. e4 {Ftacnik} c5 2. Nf3 d6 3. d4 cxd4 4. Nxd4 Nf6 5. Nc3 a6 6. Bc4 e6 7. Bb3
b5 8. O-O b4 $5 {A relatively rare line that Anand has favored as a way to
avoid the jungle of popular theory.} 9. Na4 Bd7 {Ftacnik: 'Modern concept in
this well known opening. White's knight is forced into unattractive location
on a4 and black's bishop from d7 covers many important squares (especially e6).
'} 10. f4 Nc6 11. f5 e5 (11... Nxd4 {Ftacnik} 12. Qxd4 e5 13. Qxb4 d5 14. Qe1
dxe4 15. Be3 $16) 12. Nf3 {Someone out to secure a comforting start to such an
event must have been tempted by Ftacnik: 'The main line is 12.Ne6, but
Reinderman was not sure if Anand knew some refutation.'} (12. Ne6 {which led
to a draw after a relatively forced sequence:} fxe6 13. fxe6 Bc8 14. Bg5 Be7 (
14... h5 $6 {Ftacnik} 15. Bd5 Bb7 16. Bxf6 gxf6 17. c3) 15. Bxf6 Bxf6 16. Rxf6
$1 Qxf6 17. Qxd6 $40 (17. Qd5 {Ftacnik} Bb7 18. Nc5 Rf8 19. Qd2 O-O-O 20. Nxb7
Kxb7 21. Bd5 Kc7 22. a3 Qf4 {0-1 Robovic,S-Ashley,M/New York/1998/ (32)}) 17...
Nd4 {'[]' Ftacnik.} 18. Nb6 Bxe6 (18... Ne2+ {Ftacnik} 19. Kh1 Ng3+ 20. hxg3
Qh6+ 21. Kg1 Qe3+ 22. Kf1 Rf8+ 23. Qxf8+ Kxf8 {0-1 Nemec,P-Kalod,R/CZE 1998 
(55)}) 19. Nxa8 (19. Bxe6 {Ftacnik} Rd8 20. Bd7+ Kf7 $17) 19... Ne2+ 20. Kh1
Ng3+ $1 21. hxg3 Qh6+ 22. Kg1 Qe3+ 23. Kh2 (23. Kf1 $2 {Ftacnik} Rf8+ 24. Qxf8+
Kxf8 25. Bxe6 Qh6 26. Bh3 Qc6 $17) 23... Qh6+ {Ftacnik: '1/2-1/2 Kalegin,
E-Dvoirys,S/USSR/1988/' 1/2-1/2 Kalegin,E-Dvoirys, USSR 1988. Perhaps black
can improve early in this line and try for more, but this must happen on move
14.}) 12... h6 {'!' Ftacnik.} (12... Na5 {Ftacnik} 13. Bg5 Bc6 14. Bxf6 gxf6
15. Re1 $11) 13. Qe1 (13. Be3 {Ftacnik} Rb8 14. Qd3 Na5 15. c3 Bc6 $15) 13...
Be7 14. Qg3 {'?!' Ftacnik. Ftacnik: 'A honest attacking idea, but black will
be able to consolidate and even to overtake the initiative.'} (14. Be3 {Ftacnik
} Rb8 15. Bf2 Na5 $15) 14... Kf8 15. Qe1 $1 {Anand was impressed with this
move, turning attention to other sectors now that castling is no longer
possible.} Rb8 16. Bd2 (16. c3 {Ftacnik} Na5 17. cxb4 Nxb3 18. axb3 Bc6 $17)
16... Qe8 {'!' Ftacnik.} 17. a3 a5 18. Kh1 (18. axb4 {Ftacnik} axb4 {xNa4})
18... Kg8 19. Rg1 $6 {[#] Ftacnik: 'White is too optimistic with the plan to
open the g file. The rook will soon look displaced on g1.'} (19. h3 $5 {
was suggested as an improvement by Anand.}) (19. axb4 {would be my reaction,
particularly after considering the considerations behind black's next move. It
also seems most consistent with white's deployment.}) (19. axb4 {Ftacnik} axb4
20. Rf2 $15) 19... bxa3 $1 (19... Kh7 {? according to Anand.} 20. g4 Nd4 21.
Nxd4 (21. g5 Nxf3 22. g6+ fxg6 23. fxg6+ Qxg6) 21... exd4 22. g5 (22. axb4 Bc6)
22... hxg5 (22... Bxa4 $4 23. g6+) 23. Rxg5 {+- Anand} Kg8 (23... Bc6 24. Qh4+
Kg8 25. Rxg7+ {Anand}) 24. Rxg7+ $3 {is all Anand had to say on the subject.
His judgement may be as impeccable as usual, but for mortals, a bit more
investigation is helpful, and typically, the more one looks the less certain
one feels.} Kxg7 25. Qg3+ Kf8 26. Rg1 {must be the idea, but here} Bd8 $1 {
puts up surprising resistance. In fact, it puts up the kind of resistance that
causes attackers to lose their poise and convert to an unshakeable faith in
defence.} (26... Rh7 $4 27. Bh6+) ({In fact,} 26... Ng4 $1 27. Qxg4 Bf6 {
also asks white some serious questions, and without undue complications. It
seems that Anand was unnecessarily skeptical about this position for black.})
27. Qg7+ (27. Qxd6+ Qe7 $1 28. Qxb8 Bc6 $1 {and white's position crumbles down
the diagonal.}) 27... Ke7 28. Rg6 $1 (28. Bg5 Bc6 $1 {is another annoying
escape.}) 28... Bxa4 29. Qxf6+ Kd7 30. Qxd6+ (30. Bxa4+ Kc8 31. Bxe8 Bxf6 32.
Bxf7 Be5 $17) 30... Kc8 31. Qa6+ Rb7 32. Bd5 {looks very tempting until one
finds} Qb5 $1 {which glues black's position together. (} 33. Rc6+ Bc7 {). The
moral is that chess is a very messy game. Anand's judgement is certainly
correct from a practical point of view, and his decision to coordinate his
position by using the rook from h8 and relying on the central influence of his
other pieces gives a very harmonious impression. My guess is that the line he
gave was a kind of sketch to demonstrate his intuitive feeling. If one were to
start the whole idea with 20.axb4!? for example, the opening of the a-line and
pressure against b4 could greatly hinder black from creating counterplay. And
this also helps explain his eventual decision, which prevents this structure
from occurring in the game.}) 20. Rxa3 (20. bxa3 {Ftacnik} Nd4 $17) 20... Nd4
21. Nxd4 {'?' Ftacnik.} (21. Nc3 {Ftacnik} Nxb3 22. Rxb3 Rxb3 23. cxb3 Bc6 $15)
21... exd4 {Black's counterplay is clearly coming in improved fashion here.
While the problem knight on a4 is more secure than in some lines above, white
must lose time with his exposed rook on a3. In the meantime, pressure is
mounting on e4, and white will find his other rook misplaced as well.} 22. Ra1
(22. Bxa5 {Ftacnik} d5 23. e5 Bxa3 24. exf6 Qxe1 25. Rxe1 Bxa4 26. Bxa4 Rxb2
$19) 22... Bc6 23. Bxa5 Nxe4 24. Rf1 {[#]White really needs to relieve the
queen of the depressing task of guarding against mate. At a glance, one might
be tempted to think that white can look forward with optimism - his pawn
structure looks healthier, and black has trouble coordinating his forces. In
fact, the reverse is true; White's pieces are holidaying on the queenside, and
they cannot come home, thanks largely to black's dominant doubled d-pawns.
Meanwhile, black's rook is going to put in a full day's work from h8.} (24. Nb6
Bg5 {most likely transposes into the game.} (24... Bg5 {Ftacnik} 25. Rf1 h5 $17
)) (24. Rd1 Bf6 25. Nb6 Bd8 $1 26. Nc4 d5 $1 $19) 24... h5 $1 {Now the whole
team starts to play. This not only increases the scope of the rook, it
introduces the h-pawn itself as an attacking unit. Ftacnik: 'White has won the
battle on the queenside, but he obviously fails in the center and on the
kingside. Black plans to activate the rook on h8 with a march of the h pawn.'}
25. Nb6 (25. Rd1 $5 {was a better chance to resist, in my opinion.}) 25... h4
26. Bd5 (26. Nd5 Bg5 {threatening ...Rxb3 and ...Bxd5 followed by ...Ng3+!.})
26... Bg5 {The familiar pattern of ...Ng3+ followed by disaster on the a7-g1
diagonal now looms.} 27. Rf3 (27. Qxe4 Qxe4 28. Bxe4 Bxe4 {threatening c2 and .
..h3 is not worth considering for white.}) 27... h3 $1 {[#]Black batters away
with great energy, and each of his last moves have made clearer the difference
in activity between the opposing forces.} (27... Rxb6 $2 {promises black
nothing after} 28. Qxe4 Qxe4 29. Bxe4 Bxe4 ({or} 29... Ra6 30. Bxc6 Rxc6 31. c3
) 30. Bxb6) 28. Bxc6 (28. g3 Rxb6) 28... Qxc6 ({Mig points out that} 28...
hxg2+ 29. Kxg2 Qxc6 {was also very strong. This seems even more logical than
the game since it strips the white king bare and massages b6 and c2 as well,
but this may be a matter of taste as Anand's method is also very painful.}) 29.
Qe2 Bf4 $1 {Ftacnik: 'Anand can afford to use fine small tricks, white
position is falling apart.'} 30. Kg1 ({Not} 30. Rxf4 Ng3+ $1 31. hxg3 hxg2+ 32.
Kg1 Rh1+) 30... Be3+ 31. Kh1 Re8 {Black's attack is decisive. One crushing
threat is ...Bd2.} 32. Qc4 Nf2+ 33. Rxf2 (33. Kg1 Nd3+ {followed by ...hxg2+
and ...Nf4+.}) 33... Qxc4 34. Nxc4 Bxf2 35. Nxd6 Re2 36. b4 Bg3 $1 {A final
reminder that the rook on h8 is IN play. Ftacnik: 'Fine motive in the end,
black wins the piece and the game.'} 37. gxh3 (37. hxg3 hxg2+) 37... Bxd6 0-1

[Event "GER-ch 69th"]
[Site "Gladenbach"]
[Date "1997.11.22"]
[Round "6"]
[White "Mueller, Karsten"]
[Black "Wahls, Matthias"]
[Result "0-1"]
[WhiteElo "2505"]
[BlackElo "2595"]
[Annotator "Wahls,M"]
[PlyCount "106"]
[EventDate "1997.11.17"]
[EventType "swiss"]
[EventRounds "9"]
[EventCountry "GER"]
[SourceTitle "CBM 061 Extra"]
[Source "ChessBase"]
[SourceDate "1998.03.09"]
[SourceVersion "1"]
[SourceVersionDate "1998.03.09"]
[SourceQuality "1"]

{In der 6. Runde kam es zur Spitzenpaarung Müller-Wahls. Da uns beide nur ein
halber Zähler von der rasenden Meute trennte, war Kampf angesagt.} 1. e4 c5 2.
Nf3 d6 3. d4 cxd4 4. Nxd4 Nf6 5. Nc3 a6 6. Bc4 e6 7. Bb3 {Obwohl Karsten
normalerweise mit 7.0-0 fortzusetzen pflegt, kam dieser Zug für mich nicht
ganz unerwartet. Schon eine Runde zuvor nämlich verriet Karsten in seiner
Partie gegen Lutz, was er gegen den Najdorf-Sizilianer vorbereitet hatte.} b5
8. Bg5 Be7 {Nach} (8... h6 9. Bxf6 Qxf6 10. O-O {nimmt der weiße
Entwicklungsvorsprung bedrohliche Formen an.}) 9. Qf3 Qc7 {Vermutlich ist dies
der stärkste Zug. In der Begegnung Müller-Lutz folgte} (9... Qb6 10. O-O-O Nbd7
11. Be3 Qb7 12. Qg3 b4 $6 13. Nd5 $1 exd5 14. Nf5 {mit gefährlichem weißen
Angriff.}) ({Ganz einfach schlecht ist dagegen} 9... Bb7 {wegen der
schablonenhaften Riposte} 10. Bxe6 fxe6 11. Nxe6 Qc8 12. Nxg7+ Kf7 13. Nf5 {
mit großem Stellungsvorteil. Liepold-Schulte, Mittelfranken 1995}) 10. e5 $1 {
Wie bei vielen starken Neuerungen, muß man sich auch in diesem Fall über die
doch recht späte Einführung in die Turnierpraxis wundern. Bisher rochierten
die Weißen nun entweder zur einen oder anderen Seite. Ein Beispiel von hohem
Niveau ist die Partie Illescas-Gelfand, Linares 1990:} (10. O-O-O Nbd7 11. Qg3
$6 (11. Rhe1 $11) 11... Nc5 12. Bd5 $5 (12. f3 $2 b4 13. Nce2 Nfxe4 $19) (12.
Nf5 exf5 13. Bxf6 Bxf6 14. Nd5 Qd8 15. Nxf6+ Qxf6 16. Rxd6 f4 $1 $19) 12... Rb8
$1 13. Bc6+ (13. Nc6 b4 14. Nxe7 bxc3 15. Bxf6 gxf6 16. Nxc8 cxb2+ 17. Kb1 Rxc8
$19) 13... Kf8 14. f4 (14. Rhe1 h6 $1 $17) 14... h6 15. Bh4 (15. e5 $5 hxg5 16.
exf6 Bxf6 17. fxg5 Be5 $1 $17) 15... b4 16. Na4 Ncxe4 $17) 10... Bb7 11. exd6
Bxd6 12. Qe3 $1 {[#]Der weiße Druck gegen e6 erweist sich als ziemlich
unangenehm, zumal der schwarze König nun nicht so leicht aus der Brettmitte
verschwinden kann.} Bc5 $6 {Dieser Zug entsprang letzlich der Erkenntnis, daß
es sich beim Springer d4 um den Hauptfeind meiner Stellung handelt. Neben dem
Einschlag auf e6 drohte dieser nämlich , gelegentlich nach f5 zu gehen, oder
sich gar auf b5 zu opfern. Wie sich jedoch in der Partie rausstellen sollte,
lassen sich die konkreten Stellungsprobleme damit kaum lösen. Werfen wir einen
Blick auf die Alternativen:} (12... O-O $2 {Die kurze Rochade ist zwar
wünschenswert, taktisch jedoch undurchführbar:} 13. O-O-O (13. Bxf6 $2 gxf6 {
Auch die Zerrüttung der schwarzen Königsstellung ist attraktiv, doch wo bleibt
Weiß mit seinem eigenen König?}) 13... h6 (13... Nbd7 $2 14. Nxe6 fxe6 15.
Qxe6+ $18) (13... Ng4 14. Qd2 b4 15. Nxe6 bxc3 16. Qxd6 $18) 14. Ndxb5 $1 axb5
15. Nxb5 Qc6 16. Bxf6 Qxb5 17. Rxd6 gxf6 18. Rb6 $1 Qd7 19. Rxe6 $18) (12...
Nc6 $2 13. Nf5) (12... Nbd7 $5 {Ein interessanter Zug mit der Absicht} 13. Nxe6
$1 {mit der Folge} (13. Bxe6 $6 O-O {oder}) (13. O-O-O Be5 $11 (13... O-O-O $5
$13 14. Ndxb5 axb5 15. Nxb5 Bc5 {. Die kritische Fortsetzung ist meiner
Meinung nach})) 13... fxe6 14. Qxe6+ Be7 (14... Kd8 15. Bxf6+ gxf6 16. O-O-O
$16) 15. Qf7+ (15. O-O-O $2 Rf8 16. Rhe1 Nc5) 15... Kd8 16. Qxg7 Qe5+ 17. Be3
Kc7 {und einer schwer zu bewertenden Stellung.}) (12... Be5 {Am sichersten.}
13. O-O-O Nbd7 (13... h6 $2 14. Ncxb5) 14. f4 Bxd4 15. Rxd4 O-O 16. Rhd1 Rac8 (
16... Bc6) 17. Kb1 Bc6 18. Qe2 Qb7 {mit der Absicht 19..a5 und guten schwarzen
Aussichten.}) 13. O-O-O {Ich stand nun vor der Alternative, entweder einen
Bauern zu opfern oder mich unvorhersehbaren Gefahren auszusetzen. Aus
pragmatische Gründen wurde letzteres verworfen:} Nbd7 (13... Nc6 $5 14. Bxf6
gxf6 15. Ne4 (15. Nd5 Qd8 16. c3 $13) 15... Bxd4 (15... Be7 $2 16. Nf5 exf5 17.
Nxf6+ Kf8 18. Qh6#) (15... Nxd4 $6 16. Nxc5 (16. Nxf6+ Ke7 17. Qg5 Qf4+) 16...
Nxb3+ 17. axb3 Bxg2 18. Rhg1 {mit Angriff}) 16. Rxd4 Nxd4 17. Nxf6+ Ke7 18.
Qxd4 {mit ausreichend Kompensation wegen der Möglichkeit 19.Dh4.}) 14. Bxe6 $1
O-O {Die Annahme des Opfers ist wenig verheißungsvoll:} (14... fxe6 $2 15.
Qxe6+ Kf8 (15... Be7 16. Nf5 Nc5 17. Nxg7+ Kf8 18. Bh6 $18) (15... Kd8 16.
Bxf6+ gxf6 17. Ndxb5 axb5 18. Qxf6+ $18) 16. Qxf6+ (16. Bxf6 $2 Qf4+) 16...
gxf6 17. Ne6+ Ke7 18. Nxc7 fxg5 19. Rhe1+ Kd8 20. Ne6+ Kc8 21. Rxd7 Kxd7 22.
Nxc5+ Kc6 23. Nxb7 Kxb7 24. Re7+ Kc6 25. Re6+ Kd7 26. Rh6 $16) 15. Bb3 ({
Zum Ausgleich führt} 15. Bxd7 Nxd7 16. Qg3 Qxg3 (16... Qb6 17. Be3) 17. hxg3
Bxg2 18. Rh2 (18. Rhg1 Bh3) 18... Bxd4 (18... Bb7 19. Nb3) 19. Rxd4 Bc6 20. Nd5
Bxd5 21. Rxd5 Nb6) 15... Rae8 {In dieser Stellung bekam ich weiche Knie.
Nachdem die zeitliche Bilanz mit 30 zu 70 Minuten eher gegen mich sprach und
auch die Aktivität meiner Figuren keinen ausreichender Ersatz für den Bauern
zu ergeben schien, mekte ich, wie sich plötzlich ein kleinliches Remisangebot
anschickte, meiner Kehle zu entsteigen. Da mir die Kraft dazu fehlte, übernahm
schließlich meine Gegner die Aufgabe, es freundlich aber bestimmt
zurückzuweisen.} 16. Qh3 b4 17. Na4 {In Frage kam auch} (17. Nce2 Bd6 18. Rhe1
Ne4 19. Be3 Ndc5 {und Schwarz hat trotz seiner Aktivität keine ausreichende
Kompensation.}) 17... Bd6 18. Kb1 Ne4 19. Be3 (19. Bh4 $5) 19... Ndf6 20. Rhe1
Bc8 21. Nf5 (21. Qh4 $2 Re5 22. Bf4 Rh5 23. Bxd6 Qxd6 24. Nf3 Nd2+ 25. Rxd2
Qxd2 $17) 21... g6 (21... Bf4 $5 $14) 22. Nh6+ Kg7 23. Qf3 $2 {Stärker war} (
23. Qh4 Re5 24. g4 Nxg4 25. Nxg4 Rh5 26. Bh6+ Kh8 27. Qxh5 gxh5 28. Bxf8 {
mit guten weißen Chancen.}) 23... Bb7 24. Qe2 $6 ({Nach} 24. Qh3 Bf4 25. Qh4 {
steht Weiß vermutlich immer noch einen Tick besser.}) 24... Bf4 25. Ng4 Nxg4
26. Qxg4 Bxe3 27. Rxe3 Qxh2 28. Rh3 $2 {Der Verlustzug. Nach} (28. Nc5 $1 Nxc5
(28... h5 $2 29. Qe2) 29. Qd4+ Kg8 30. Rxe8 Rxe8 31. Qxc5 Bxg2 32. Qxb4 {
ist die Stellung unklar.}) 28... Qxg2 $1 {Diesen Zug hatte Karsten übersehen.
Um meine Zeitnot auszunutzen, zog er einfach zu schnell.} 29. Qxg2 {Vielleicht
wäre es pragmatischer gewesen, dem Damentausch mit} (29. Qh4 {auszuweichen,
doch auch nach} h5 {hat Weiß objektiv nicht mehr viel zu bestellen.}) 29...
Nd2+ 30. Kc1 Bxg2 31. Rh4 Bf3 $5 32. Rg1 Nxb3+ 33. axb3 a5 $19 {Neben dem
Mehrbauern besitze ich jetzt auch noch die bessere Leichtfigur.} 34. Rf4 Bc6
35. Nb6 Re4 36. Rxe4 Bxe4 37. Nc4 Bd5 38. Kd2 (38. Nxa5 $2 Ra8) 38... Rd8 39.
Ke3 a4 40. Nb6 axb3 41. Nxd5 Rxd5 42. cxb3 {Das Endspiel ist natürlich
hoffnungslos verloren. Kurioserweise gewann ich am Tag zuvor gegen Luther eine
ähnliche Stellung. Dort hatte mein Gegner sogar noch einen weiteren
Königsflügelbauern zu seiner Verfügung.} Re5+ 43. Kf3 Rf5+ 44. Ke3 h5 45. Rh1
Re5+ 46. Kf3 f5 47. Rc1 (47. Rh4 Re4) 47... Re4 48. Kg3 h4+ 49. Kh3 g5 50. Rc6
Rf4 51. Kg2 {Wenn ich es als Weißer schon bis dahin weiter gespielt hätte,
dann hätte ich nun wenigstens auf Patt gespielt:} (51. Ra6 Rxf2 $4 52. Rg6+ $11
) 51... g4 52. Rb6 h3+ 53. Kg1 Kf7 0-1